000 00467nam a2200193Ia 4500
003 GCL
008 140319s9999 xx 000 0 eng d
040 _aGCL /
_cGCL
082 0 4 _a823
_bG J
100 1 _aGORDENER, NADINE
245 1 0 _aJULY'S PEOPLE /
_cGORDENER, NADINE
260 _a[S.N] :
_bLONGMAN ،
_c1993
300 _a167
650 0 4 _aENGLISH LITERATURE
650 0 4 _aLITERATURE
650 0 4 _aENGLISH FICTION
650 0 4 _aFICTION
942 _2ddc
_cBK
999 _c10272
_d10272